Corporation finance : principles and problems
محفوظ في:
| المؤلف الرئيسي: | |
|---|---|
| مؤلفون آخرون: | |
| التنسيق: | كتاب |
| منشور في: |
Allahabad :
Chaitanya Publishing House,
c1989.
|
| الموضوعات: | |
| الوسوم: |
إضافة وسم
لا توجد وسوم, كن أول من يضع وسما على هذه التسجيلة!
|
MARC
| LEADER | 00000cam a22000001 4500 | ||
|---|---|---|---|
| 020 | |a NA |c NA | ||
| 040 | |a MUL |b eng |e AACR | ||
| 082 | |a 336 KUC | ||
| 100 | |a Kuchhal, S. C. | ||
| 245 | 0 | 0 | |a Corporation finance : |c / S. C. Kuchhal and Suchitra Mittal |b principles and problems |
| 260 | |a Allahabad : |b Chaitanya Publishing House, |c c1989. | ||
| 300 | |a 502 p. : |b ill. ; |c 24 cm. | ||
| 504 | |a Includes bibliography p. 499 - 501 | ||
| 546 | |a eng | ||
| 650 | 0 | |a Corporations |z United States | |
| 700 | |a Mittal, Suchitra | ||
| 942 | |c BK | ||
| 999 | |c 8291 |d 8291 | ||